[Event "Prague Int Open 2026"]
[Site "Prague CZE"]
[Date "2026.03.03"]
[Round "6.7"]
[White "Nurman, Alua"]
[Black "Sasikiran, Krishnan"]
[Result "0-1"]
[WhiteTitle "WGM"]
[BlackTitle "GM"]
[WhiteElo "2363"]
[BlackElo "2538"]
[WhiteFideId "13729390"]
[BlackFideId "5004985"]
[EventDate "2026.02.26"]

1. e4 c5 2. Nf3 d6 3. d4 cxd4 4. Nxd4 Nf6 5. Nc3 a6 6. f4 e5 7. Nb3 Nc6 8. f5 d5
9. Bg5 Bb4 10. Bxf6 Qxf6 11. Qxd5 g6 12. O-O-O gxf5 13. exf5 Bxf5 14. Bd3 Be6
15. Qe4 O-O-O 16. Rhf1 Qg5+ 17. Kb1 f5 18. Qe2 Bxc3 19. bxc3 Kb8 20. g3 e4 21.
Bc4 Bc8 22. Bd5 Ne5 23. c4 Ng4 24. Rf4 Qe7 25. h3 Nf6 26. g4 Qe5 27. Rdf1 Rhe8
28. Qe1 e3 29. Qe2 Rxd5 30. cxd5 Nxd5 31. Rc4 fxg4 32. Kc1 g3 33. Rc5 b6 34. Rc6
Bb7 35. Rh6 Nc3 36. Qg4 e2 37. Re1 Qe3+ 38. Kb2 Nd1+ 0-1

[Event "Prague Int Open 2026"]
[Site "Prague CZE"]
[Date "2026.03.03"]
[Round "6.8"]
[White "Zhao, Jun"]
[Black "Vardanyan, Aras"]
[Result "1-0"]
[WhiteTitle "GM"]
[BlackTitle "FM"]
[WhiteElo "2533"]
[BlackElo "2366"]
[WhiteFideId "8602522"]
[BlackFideId "12808792"]
[EventDate "2026.02.26"]

1. c4 e5 2. d3 g6 3. g3 Bg7 4. Bg2 Ne7 5. Nc3 d6 6. Nf3 O-O 7. O-O f5 8. Bd2 a5
9. Qc1 c5 10. Bg5 Bf6 11. Bxf6 Rxf6 12. Qh6 Qf8 13. Qxf8+ Kxf8 14. Na4 Ra6 15.
Nd2 Bd7 16. Nc3 Nbc6 17. Ndb1 Nd4 18. Na3 Bc6 19. f4 exf4 20. gxf4 Re6 21. Rae1
Rb6 22. Bxc6 Ndxc6 23. Nab5 Re3 24. Na4 Ra6 25. Nxd6 b6 26. Kf2 Rh3 27. Kg2 Rh4
28. h3 Nb4 29. a3 Nc2 30. Rc1 Ne3+ 31. Kg3 g5 32. fxg5 Nxf1+ 33. Rxf1 Rh5 34. h4
h6 35. Nxf5 hxg5 36. Kg4 Rh7 37. Nxe7+ Kxe7 38. hxg5 Rh2 39. Nc3 Rg2+ 40. Kf4
Ra8 41. Rh1 Rf8+ 42. Ke3 Rxg5 43. Nd5+ Kf7 44. Nxb6 Rg2 45. Rf1+ 1-0

[Event "Prague Int Open 2026"]
[Site "Prague CZE"]
[Date "2026.03.03"]
[Round "6.9"]
[White "Winter, Ondrej"]
[Black "Sahidi, Samir"]
[Result "1/2-1/2"]
[WhiteTitle "FM"]
[BlackTitle "IM"]
[WhiteElo "2321"]
[BlackElo "2522"]
[WhiteFideId "23702192"]
[BlackFideId "14936372"]
[EventDate "2026.02.26"]

1. e4 e5 2. Nf3 Nc6 3. Bc4 Nf6 4. d3 Bc5 5. c3 d6 6. O-O h6 7. Nbd2 a6 8. Bb3
O-O 9. Re1 Ba7 10. Nf1 Na5 11. Bc2 c5 12. Ng3 Re8 13. h3 b5 14. Nh4 Nc6 15. Nhf5
Ne7 16. Qf3 Nxf5 17. Nxf5 Bxf5 18. Qxf5 Qc8 19. Qf3 Qe6 20. a4 c4 21. Be3 Qe7
22. Red1 Bxe3 23. Qxe3 Qc7 24. Ra2 Reb8 25. Qd2 Qc5 26. axb5 axb5 27. Rxa8 Rxa8
28. dxc4 bxc4 29. Qxd6 Qxd6 30. Rxd6 Rb8 31. f4 Rxb2 32. fxe5 Nh5 33. Bd1 Nf4
34. Bf3 Rc2 35. Rd8+ Kh7 36. Rd7 Nd3 37. Rxf7 Nxe5 38. Re7 Ng6 39. Rc7 Rxc3 40.
Bg4 Nf4 41. Bf5+ Kg8 42. e5 g6 43. Be4 Kf8 44. Kh2 Re3 45. Rxc4 Ke7 46. Bf3 Ne6
47. Re4 1/2-1/2

[Event "Prague Int Open 2026"]
[Site "Prague CZE"]
[Date "2026.03.03"]
[Round "6.10"]
[White "Haring, Filip"]
[Black "Adharsh K"]
[Result "1/2-1/2"]
[WhiteTitle "GM"]
[BlackTitle "FM"]
[WhiteElo "2461"]
[BlackElo "2330"]
[WhiteFideId "14933080"]
[BlackFideId "25718207"]
[EventDate "2026.02.26"]

1. d4 Nf6 2. c4 e6 3. Nc3 Bb4 4. g3 O-O 5. Bg2 d5 6. a3 Be7 7. Nf3 dxc4 8. Ne5
c5 9. dxc5 Qc7 10. Nxc4 Bxc5 11. Qb3 Nc6 12. O-O h6 13. Be3 Na5 14. Nb5 Nxb3 15.
Nxc7 Bxe3 16. Nxa8 Nxa1 17. Rxa1 Bc5 18. b4 Be7 19. Rd1 Bd7 20. Bxb7 Rb8 21. Na5
Bd8 22. Bc6 Bxa5 1/2-1/2

[Event "Prague Int Open 2026"]
[Site "Prague CZE"]
[Date "2026.03.03"]
[Round "6.11"]
[White "Eret, Matous"]
[Black "Isik, Alparslan"]
[Result "1-0"]
[WhiteTitle "FM"]
[BlackTitle "IM"]
[WhiteElo "2310"]
[BlackElo "2443"]
[WhiteFideId "364509"]
[BlackFideId "34506896"]
[EventDate "2026.02.26"]

1. a3 g6 2. Nf3 Bg7 3. g3 e5 4. d3 d5 5. Bg2 Ne7 6. Nbd2 O-O 7. O-O Nbc6 8. c4
h6 9. Rb1 Be6 10. b4 dxc4 11. b5 Na5 12. Qa4 b6 13. Nxc4 Nxc4 14. dxc4 c6 15.
bxc6 Qc7 16. c5 Ba2 17. Rb5 Bd5 18. cxb6 axb6 19. Qc2 Rfc8 20. Bb2 Bxc6 21. Rxe5
Bxe5 22. Bxe5 Qd7 23. Ba1 Rxa3 24. Qb2 Rxa1 25. Rxa1 Qb7 26. Bh3 Re8 27. Ne5 h5
28. Nc4 Rb8 29. Qe5 Nd5 30. e4 Re8 31. Qb2 Rxe4 32. Nd6 Qe7 33. Nxe4 Qxe4 34.
Bg2 Qe6 35. Rd1 b5 36. Qc2 b4 37. Qc5 Ne7 38. Qxb4 Bxg2 39. Rd8+ Kh7 40. Qd4 g5
41. Kxg2 Ng6 42. Qd5 Qxd5+ 43. Rxd5 Kh6 44. Rf5 Nh8 45. f4 gxf4 46. Rxf4 Kg6 47.
Kf3 f6 48. Ke4 Nf7 49. Kd5 Ng5 50. h4 Nf7 51. Ke6 Nd8+ 52. Kd7 Nf7 53. Ke7 f5
54. Rxf5 Kxf5 55. Kxf7 Kg4 56. Kg6 Kxg3 57. Kxh5 1-0

[Event "Prague Int Open 2026"]
[Site "Prague CZE"]
[Date "2026.03.03"]
[Round "6.12"]
[White "Cnejev, Vladimir-Alexandru"]
[Black "Jun, Rudolf"]
[Result "1-0"]
[WhiteTitle "FM"]
[BlackTitle "FM"]
[WhiteElo "2414"]
[BlackElo "2315"]
[WhiteFideId "1260898"]
[BlackFideId "376612"]
[EventDate "2026.02.26"]

1. e4 c5 2. Nf3 a6 3. d4 cxd4 4. Nxd4 Nf6 5. Nc3 e5 6. Nf5 d5 7. Bg5 d4 8. Bxf6
gxf6 9. Nb1 Bxf5 10. exf5 Nc6 11. Bd3 Bb4+ 12. Kf1 Qd5 13. a3 Rg8 14. Rg1 Qa5
15. g3 O-O-O 16. Kg2 Qd5+ 17. Qf3 Qxf3+ 18. Kxf3 Be7 19. Nd2 Kc7 20. Rae1 Nb8
21. Re4 Nd7 22. Rh4 Rg7 23. Re1 b5 24. Rh6 Nc5 25. b4 Nd7 26. Ne4 Rb8 27. g4 Rb6
28. Ng3 Bf8 29. Nh5 Rxg4 30. Rxh7 Rg8 31. Be4 a5 32. Bd5 Rg5 33. h4 Rxf5+ 34.
Kg2 e4 35. Bxe4 Re5 36. Nf4 Rd6 37. Rxf7 Kd8 38. Nd3 Re8 39. Bf5 Rxe1 40. Nxe1
Ke8 41. Rxd7 Rxd7 42. Bxd7+ Kxd7 43. Nf3 Kc6 44. Nxd4+ Kd5 45. bxa5 Kxd4 46. a6
Bc5 47. h5 Kd5 1-0

[Event "Prague Int Open 2026"]
[Site "Prague CZE"]
[Date "2026.03.03"]
[Round "6.13"]
[White "Risteski, Emil"]
[Black "Kourousis, Epameinondas"]
[Result "1/2-1/2"]
[WhiteTitle "IM"]
[BlackTitle "IM"]
[WhiteElo "2410"]
[BlackElo "2327"]
[WhiteFideId "15005267"]
[BlackFideId "4211626"]
[EventDate "2026.02.26"]

1. e4 c6 2. d4 d5 3. e5 Bf5 4. g4 Bd7 5. Nc3 h5 6. gxh5 Bf5 7. Nge2 Bg4 8. Rg1
Bxe2 9. Bxe2 e6 10. Be3 Nd7 11. Qd2 Qa5 12. a3 O-O-O 13. Rb1 Qc7 14. b4 Nb6 15.
a4 Nc4 16. Bxc4 dxc4 17. Qe2 Ne7 18. h6 g6 19. Qxc4 Bxh6 20. Bxh6 Rxh6 21. Ne4
Rh4 22. Nd6+ Rxd6 23. exd6 Qxd6 24. c3 Qxh2 25. Kd2 Qxf2+ 26. Qe2 Qf4+ 27. Kc2
Nd5 28. Rh1 Qf5+ 29. Kb3 Re4 30. Qf1 Rf4 31. Qh3 Rf3 32. Qxf5 Rxc3+ 33. Kb2 gxf5
34. Rh7 Rc4 35. Rg1 Rxb4+ 36. Ka3 Kc7 37. Rxf7+ Kb6 38. Rg3 Ka5 39. Rb3 Rxa4+
40. Kb2 Rb4 41. Rxb7 Rxb3+ 42. Kxb3 Ka6 43. Rb8 Ka5 44. Rb7 Ka6 45. Rb8 Ka5 1/2-1/2

[Event "Prague Int Open 2026"]
[Site "Prague CZE"]
[Date "2026.03.03"]
[Round "6.14"]
[White "Golis, Wiktor"]
[Black "Radzimski, Antoni"]
[Result "1/2-1/2"]
[WhiteTitle "FM"]
[BlackTitle "FM"]
[WhiteElo "2287"]
[BlackElo "2400"]
[WhiteFideId "21055874"]
[BlackFideId "21052476"]
[EventDate "2026.02.26"]

1. c4 Nf6 2. Nf3 c5 3. g3 b6 4. Bg2 Bb7 5. O-O g6 6. b3 Bg7 7. Bb2 O-O 8. Nc3 d5
9. Nxd5 Nxd5 10. Bxg7 Kxg7 11. cxd5 Qxd5 12. d4 cxd4 13. Qxd4+ Qxd4 14. Nxd4
Bxg2 15. Kxg2 Nd7 16. Rac1 Rac8 17. Rfd1 1/2-1/2

[Event "Prague Int Open 2026"]
[Site "Prague CZE"]
[Date "2026.03.03"]
[Round "6.15"]
[White "Salimova, Nurgyul"]
[Black "Jares, Michal"]
[Result "1/2-1/2"]
[WhiteTitle "IM"]
[BlackTitle "FM"]
[WhiteElo "2396"]
[BlackElo "2324"]
[WhiteFideId "2915138"]
[BlackFideId "386839"]
[EventDate "2026.02.26"]

1. Nf3 d5 2. g3 Nf6 3. Bg2 g6 4. O-O Bg7 5. d3 O-O 6. Nbd2 c5 7. e4 Nc6 8. Re1
e5 9. exd5 Nxd5 10. Nc4 Re8 11. a4 h6 12. Bd2 Nb6 13. Na5 Nxa5 14. Bxa5 Qc7 15.
Nd2 Be6 16. Qf3 Re7 17. Nc4 Rd8 18. Qe2 Rde8 19. Nxb6 axb6 20. Bc3 Bd7 21. Bd5
Bc6 22. Qf3 Bxd5 23. Qxd5 Kh7 24. Re2 Rd7 25. Qc4 Rde7 26. Rae1 Re6 27. Qb5 R8e7
28. b3 Qd6 29. Qc4 Qc6 30. Qe4 Qd6 31. Qc4 Qc6 32. Qe4 Qd7 33. Qc4 1/2-1/2

[Event "Prague Int Open 2026"]
[Site "Prague CZE"]
[Date "2026.03.03"]
[Round "6.16"]
[White "Eren, Ataberk"]
[Black "Filindash, Nikita"]
[Result "1-0"]
[WhiteTitle "IM"]
[BlackTitle "CM"]
[WhiteElo "2391"]
[BlackElo "2288"]
[WhiteFideId "6349765"]
[BlackFideId "34159983"]
[EventDate "2026.02.26"]

1. e4 d6 2. d4 Nf6 3. Nc3 e5 4. Nf3 Nbd7 5. Bc4 Be7 6. O-O O-O 7. Re1 c6 8. a4
h6 9. h3 Re8 10. Ba2 Bf8 11. Be3 Qc7 12. Nh4 exd4 13. Bxd4 Be7 14. Nf5 Bf8 15.
Qf3 g6 16. Qg3 g5 17. h4 Nh5 18. Qf3 Nf4 19. hxg5 hxg5 20. Qg3 Qd8 21. Be3 Nh5
22. Qg4 1-0

[Event "Prague Int Open 2026"]
[Site "Prague CZE"]
[Date "2026.03.04"]
[Round "7.1"]
[White "Mayank, Chakraborty"]
[Black "Gloeckler, Christian"]
[Result "1/2-1/2"]
[WhiteTitle "IM"]
[BlackTitle "IM"]
[WhiteElo "2473"]
[BlackElo "2444"]
[WhiteFideId "25659766"]
[BlackFideId "34608966"]
[EventDate "2026.02.26"]

1. d4 Nf6 2. c4 e6 3. g3 d5 4. Nf3 Be7 5. Bg2 O-O 6. Nc3 Nbd7 7. O-O dxc4 8. a4
a6 9. Nd2 e5 10. Nxc4 exd4 11. Qxd4 Nc5 12. Qxd8 Rxd8 13. Be3 Nb3 14. Rad1 Be6
15. Ne5 c6 16. Bb6 Re8 17. f4 Nc5 18. a5 Bf5 19. Nc4 h5 20. Nd6 Bxd6 21. Rxd6
Nfd7 22. Bxc5 Nxc5 23. b4 Ne4 24. Bxe4 Bxe4 25. Rfd1 Bf5 26. Kf2 Rac8 27. R1d2
Bg4 28. Rb2 Re7 29. Na4 Rce8 30. Rdd2 h4 31. Nc5 Bf5 32. gxh4 f6 33. Rb3 Kf7 34.
Kf3 Kg6 35. e3 Kh5 36. Rd4 Bg4+ 37. Kf2 Bf5 38. Kf3 Bg4+ 39. Kf2 Bf5 40. Kf3 1/2-1/2

[Event "Prague Int Open 2026"]
[Site "Prague CZE"]
[Date "2026.03.04"]
[Round "7.2"]
[White "Stalmach, Richard"]
[Black "Ioannidis, Evgenios"]
[Result "1-0"]
[WhiteTitle "IM"]
[BlackTitle "GM"]
[WhiteElo "2408"]
[BlackElo "2469"]
[WhiteFideId "372048"]
[BlackFideId "4229274"]
[EventDate "2026.02.26"]

1. d4 Nf6 2. c4 e6 3. Nc3 Bb4 4. Qc2 O-O 5. e4 d5 6. e5 Ne4 7. a3 Bxc3+ 8. bxc3
c5 9. Bd3 Qa5 10. Ne2 cxd4 11. cxd5 exd5 12. f3 Nxc3 13. Nxd4 Nb5+ 14. Bd2 Nxd4
15. Bxh7+ Kh8 16. Bxa5 Nxc2+ 17. Bxc2 Nc6 18. Bc7 Be6 19. Bd6 Rfc8 20. Bd3 Na5
21. Rb1 Nc4 22. Bxc4 Rxc4 23. Kd2 Rac8 24. Rhc1 b6 25. Rxc4 dxc4 26. Kc3 Bf5 27.
Re1 b5 28. g4 Bd7 29. h3 Re8 30. f4 Kg8 31. f5 a6 32. h4 Bc8 33. h5 Rd8 34. Re3
Kh7 35. Rf3 Kh6 36. Rf4 f6 37. Rd4 fxe5 38. Bxe5 Rxd4 39. Kxd4 c3 40. Bf4+ Kh7
41. Ke5 Bb7 42. g5 Bf3 43. g6+ Kh8 44. h6 Bh5 45. Ke6 Kg8 46. h7+ Kh8 47. Kf7 1-0

[Event "Prague Int Open 2026"]
[Site "Prague CZE"]
[Date "2026.03.04"]
[Round "7.3"]
[White "Haug, Havard"]
[Black "Zhao, Jun"]
[Result "1/2-1/2"]
[WhiteTitle "FM"]
[BlackTitle "GM"]
[WhiteElo "2412"]
[BlackElo "2533"]
[WhiteFideId "1547887"]
[BlackFideId "8602522"]
[EventDate "2026.02.26"]

1. e4 e5 2. Nf3 Nc6 3. d4 exd4 4. Nxd4 Bc5 5. Nxc6 Qf6 6. Qf3 dxc6 7. Nc3 Be6 8.
Be3 Bb4 9. Qxf6 Nxf6 10. f3 Bxc3+ 11. bxc3 Nd7 12. Be2 Nb6 13. a4 Nc4 14. Bxc4
Bxc4 15. a5 1/2-1/2

[Event "Prague Int Open 2026"]
[Site "Prague CZE"]
[Date "2026.03.04"]
[Round "7.4"]
[White "Sasikiran, Krishnan"]
[Black "Eren, Ataberk"]
[Result "1-0"]
[WhiteTitle "GM"]
[BlackTitle "IM"]
[WhiteElo "2538"]
[BlackElo "2391"]
[WhiteFideId "5004985"]
[BlackFideId "6349765"]
[EventDate "2026.02.26"]

1. e4 e5 2. Nf3 Nc6 3. Bb5 a6 4. Ba4 Nf6 5. O-O Be7 6. Re1 b5 7. Bb3 O-O 8. a4
Bb7 9. d3 d6 10. h3 Na5 11. Ba2 c5 12. Nbd2 bxa4 13. Nf1 c4 14. Ng3 cxd3 15.
Qxd3 Bc6 16. Nf5 Bb5 17. Qc3 Nb7 18. N3h4 Kh8 19. Nxe7 Qxe7 20. Nf5 Qd7 21. Qf3
Ne8 22. Bg5 f6 23. Nh4 Nc7 24. Be3 Ne6 25. Qg4 Rfe8 26. Nf5 g6 27. Nh6 Rac8 28.
Qh4 Rf8 29. Ng4 Bc4 30. b3 axb3 31. cxb3 Bb5 32. b4 Bc4 33. Bh6 g5 34. Qg3 Rf7
35. Bxc4 Rxc4 36. Rxa6 Rxb4 37. Qc3 Rb5 38. Ra8+ Nbd8 39. Qc4 d5 40. Qa2 Nc7 41.
Ra7 Nc6 42. Rxc7 Qxc7 43. Rc1 Qb7 44. exd5 Ne7 45. d6 Ng8 46. Rc8 Qd5 47. Rxg8+
Kxg8 48. d7 Qd6 49. Qe6 Rb1+ 50. Kh2 Rd1 51. Nxf6+ Kh8 52. d8=Q+ Qxd8 53. Qxf7 1-0

[Event "Prague Int Open 2026"]
[Site "Prague CZE"]
[Date "2026.03.04"]
[Round "7.5"]
[White "Ostensen, Nicolai Maxime"]
[Black "Krzyzanowski, Marcin"]
[Result "1/2-1/2"]
[WhiteTitle "FM"]
[BlackTitle "GM"]
[WhiteElo "2380"]
[BlackElo "2494"]
[WhiteFideId "1546970"]
[BlackFideId "1132199"]
[EventDate "2026.02.26"]

1. c4 e5 2. Nc3 d6 3. d4 exd4 4. Qxd4 Nc6 5. Qd2 Nf6 6. e4 g6 7. Bd3 Bg7 8. Nge2
O-O 9. O-O a6 10. f3 Ne5 11. b3 b5 12. cxb5 Nxd3 13. Qxd3 axb5 14. Bb2 b4 15.
Nd5 Ba6 16. Qd2 Nxd5 17. Bxg7 Kxg7 18. exd5 Qf6 19. Rac1 Rfe8 20. Rf2 Bxe2 21.
Rxe2 Rxe2 22. Qxe2 Qd4+ 23. Kf1 Ra5 24. Rxc7 Rxd5 25. Rc4 Qa1+ 26. Kf2 Ra5 27.
Rc2 Qd4+ 28. Kf1 Re5 29. Qd2 Qh4 30. g3 Qh3+ 31. Kg1 Qf5 32. Kg2 h5 33. h4 d5
34. Rb2 Qe6 35. Qd4 Kh7 36. Qxb4 Re2+ 37. Rxe2 Qxe2+ 38. Kg1 Qe3+ 39. Kg2 Qe2+
40. Kg1 Qe3+ 41. Kg2 d4 42. Qc4 Kg8 43. Qc8+ Kh7 44. Qc4 Kg8 1/2-1/2

[Event "Prague Int Open 2026"]
[Site "Prague CZE"]
[Date "2026.03.04"]
[Round "7.6"]
[White "Zhao, Yuanhe"]
[Black "Stinka, Jakub"]
[Result "1/2-1/2"]
[WhiteTitle "IM"]
[BlackTitle "FM"]
[WhiteElo "2466"]
[BlackElo "2375"]
[WhiteFideId "8609497"]
[BlackFideId "391662"]
[EventDate "2026.02.26"]

1. d4 Nf6 2. Bf4 d5 3. e3 e6 4. Nd2 Bd6 5. Ngf3 O-O 6. Bd3 Bxf4 7. exf4 b6 8.
O-O c5 9. c3 Ba6 10. Bxa6 Nxa6 11. Qe2 Nc7 12. Rfe1 Nce8 13. Rad1 Nd6 14. c4 Qc7
15. g3 Qb7 16. Ne5 Rac8 17. dxc5 bxc5 18. cxd5 exd5 19. b3 Nb5 20. Rc1 Rfd8 21.
Qf1 d4 22. Qg2 Qc7 23. a4 Nc3 24. Qf3 Nfd5 25. Nec4 Re8 26. Kg2 Nb4 27. Ne4 Nxe4
28. Rxe4 Rxe4 29. Qxe4 Qc6 30. Qxc6 Rxc6 31. Re1 Kf8 32. Kf3 Nd5 33. h4 f6 34.
f5 Nb6 35. a5 Nxc4 36. bxc4 Rd6 37. Rb1 Ke7 38. Ke2 Rd7 39. Rb8 Kd6 40. Kd3 Re7
41. g4 h5 42. gxh5 Re5 43. Ra8 Rxf5 44. Rxa7 Rxh5 45. Rxg7 Rxh4 46. a6 Rh3+ 47.
Ke4 Ra3 48. a7 1/2-1/2

[Event "Prague Int Open 2026"]
[Site "Prague CZE"]
[Date "2026.03.04"]
[Round "7.7"]
[White "Eret, Matous"]
[Black "Cnejev, Vladimir-Alexandru"]
[Result "1/2-1/2"]
[WhiteTitle "FM"]
[BlackTitle "FM"]
[WhiteElo "2310"]
[BlackElo "2414"]
[WhiteFideId "364509"]
[BlackFideId "1260898"]
[EventDate "2026.02.26"]

1. a3 Nf6 2. Nf3 g6 3. g3 Bg7 4. Bg2 O-O 5. O-O d6 6. d3 e5 7. Nbd2 a5 8. a4 Nc6
9. e4 d5 10. Re1 Re8 11. c3 b6 12. exd5 Nxd5 13. Nc4 Bb7 14. Qb3 Qd7 15. Bd2
Rad8 16. Rad1 h6 17. Bc1 Kh7 18. Ne3 Nxe3 19. Bxe3 Re6 20. d4 exd4 21. cxd4 Nb4
22. Ne5 Bd5 23. Qxb4 Rxe5 24. dxe5 axb4 25. Rxd5 Qxd5 26. Bxd5 Rxd5 27. Bf4 c5
28. e6 fxe6 29. Rxe6 g5 30. Be3 Bxb2 31. Rxb6 Bc3 32. a5 c4 33. a6 b3 34. a7 Ra5
35. Rb8 b2 36. Kf1 g4 37. Ke2 Ra1 38. f3 gxf3+ 39. Kxf3 Kg6 40. Ke4 Bf6 41. Bd4
c3 42. Bxf6 Kxf6 43. Kd3 Rxa7 44. Kxc3 Ra2 45. Rxb2 Ke5 1/2-1/2

[Event "Prague Int Open 2026"]
[Site "Prague CZE"]
[Date "2026.03.04"]
[Round "7.8"]
[White "Moroni, Luca Jr"]
[Black "Winter, Ondrej"]
[Result "1/2-1/2"]
[WhiteTitle "GM"]
[BlackTitle "FM"]
[WhiteElo "2563"]
[BlackElo "2321"]
[WhiteFideId "865834"]
[BlackFideId "23702192"]
[EventDate "2026.02.26"]

1. Nf3 c5 2. c4 Nc6 3. d4 cxd4 4. Nxd4 Nf6 5. Nc3 e6 6. a3 d5 7. cxd5 exd5 8. g3
Bc5 9. Nxc6 bxc6 10. Bg2 O-O 11. Qc2 Bd6 12. O-O Re8 13. b4 Rb8 14. Rb1 Ba6 15.
Rd1 Qe7 16. Be3 Bc4 17. Bd4 Be5 18. Bxe5 Qxe5 19. e3 a5 20. bxa5 Qc7 21. Qa4 Nd7
22. Rxb8 Rxb8 23. Rb1 Ra8 24. Qb4 Qxa5 25. Qb7 Nf8 26. a4 Ra6 27. Qb2 h6 28. Bh3
Bd3 29. Rc1 Bc4 30. Qd2 Rb6 31. Bg4 Ng6 32. f4 Rb3 33. Bd1 Rb8 34. Ne4 Qd8 35.
Qd4 Ne7 36. Nd2 Ba6 37. e4 Rc8 38. Bg4 c5 39. Qf2 Rc7 40. exd5 Qxd5 41. Bf3 Qa2
42. Ne4 1/2-1/2

[Event "Prague Int Open 2026"]
[Site "Prague CZE"]
[Date "2026.03.04"]
[Round "7.9"]
[White "Sahidi, Samir"]
[Black "Utsab, Chatterjee"]
[Result "1-0"]
[WhiteTitle "IM"]
[BlackTitle "IM"]
[WhiteElo "2522"]
[BlackElo "2312"]
[WhiteFideId "14936372"]
[BlackFideId "46609148"]
[EventDate "2026.02.26"]

1. d4 d5 2. c4 e6 3. Nc3 Nf6 4. cxd5 exd5 5. Bg5 c6 6. e3 Be6 7. Bd3 Nbd7 8.
Nge2 h6 9. Bh4 g5 10. Bg3 Nh5 11. Qc2 Nxg3 12. Nxg3 Qc7 13. O-O-O Nf6 14. Kb1
O-O-O 15. h4 Rg8 16. hxg5 hxg5 17. a3 Kb8 18. Rc1 Bd6 19. Nf5 Bf8 20. Qe2 Qb6
21. Na4 Qb3 22. Qc2 Qxc2+ 23. Bxc2 Ne4 24. Bxe4 dxe4 25. Ng3 f5 26. Nc5 Bc8 27.
b4 Bd6 28. Ne2 b6 29. Na4 Ba6 30. Nec3 Rh8 31. Nb2 g4 32. g3 Rh3 33. Ka2 Rdh8
34. Rhg1 Rh2 35. Ncd1 Kb7 36. Kb3 Be2 37. Rc2 Bf3 38. Nc3 Rh1 39. Rxh1 Rxh1 40.
a4 Re1 41. Nc4 Bc7 42. Rd2 a6 43. d5 cxd5 44. Rxd5 Rf1 45. Rd2 Kb8 46. Nd5 Bd1+
47. Ka3 b5 48. Nxc7 bxc4 49. Nxa6+ Ka7 50. b5 c3 51. Rd7+ Kb6 52. Rd6+ Ka7 53.
Nc5 1-0

[Event "Prague Int Open 2026"]
[Site "Prague CZE"]
[Date "2026.03.04"]
[Round "7.10"]
[White "Guidarelli, Laurent"]
[Black "Walek, Petr"]
[Result "1-0"]
[WhiteTitle "GM"]
[BlackTitle "FM"]
[WhiteElo "2467"]
[BlackElo "2296"]
[WhiteFideId "611123"]
[BlackFideId "339393"]
[EventDate "2026.02.26"]

1. d4 Nf6 2. c4 e6 3. Nc3 Bb4 4. a3 Bxc3+ 5. bxc3 O-O 6. f3 d5 7. cxd5 exd5 8.
e3 Bf5 9. Ne2 h5 10. Ng3 Bg6 11. Bd3 Bxd3 12. Qxd3 c5 13. O-O Nc6 14. Rb1 b6 15.
Bb2 Qd7 16. e4 g6 17. e5 h4 18. exf6 hxg3 19. hxg3 cxd4 20. g4 Qd6 21. cxd4 Qxf6
22. Rfe1 Na5 23. Re5 Rfd8 24. Bc1 Nc4 25. Re1 Re8 26. Bd2 Qc6 27. Bg5 Re6 28. f4
Rae8 29. Re5 Nxe5 30. fxe5 Qc4 31. Qd2 Rc8 32. Rf1 Rc7 33. Bf6 Kf8 34. Qh6+ Ke8
35. Qg7 Qxd4+ 36. Kh1 Qc5 37. Rd1 Qf8 38. Rxd5 Rce7 39. Rd8+ Kxd8 40. Qxf8+ Kd7
41. Bxe7 1-0

[Event "Prague Int Open 2026"]
[Site "Prague CZE"]
[Date "2026.03.04"]
[Round "7.11"]
[White "Adharsh K"]
[Black "Yaniv, Yuval"]
[Result "1-0"]
[WhiteTitle "FM"]
[BlackTitle "IM"]
[WhiteElo "2330"]
[BlackElo "2467"]
[WhiteFideId "25718207"]
[BlackFideId "2823900"]
[EventDate "2026.02.26"]

1. d4 Nf6 2. c4 g6 3. Nc3 Bg7 4. e4 d6 5. h3 e5 6. d5 a5 7. Be3 Na6 8. Nf3 O-O
9. Nd2 Nd7 10. g4 f5 11. gxf5 gxf5 12. exf5 Ndc5 13. Nde4 Bxf5 14. Bd3 Nxd3+ 15.
Qxd3 Qh4 16. a3 Nb4 17. Qb1 Kh8 18. Rg1 Bh6 19. Bxh6 Qxh6 20. axb4 axb4 21. Rxa8
Rxa8 22. Nd1 Qh4 23. Nxd6 Bg6 24. Rxg6 hxg6 25. Nf7+ Kg7 26. Nxe5 Qg5 27. Ng4
Qf4 28. Qd3 Re8+ 29. Nde3 Re4 30. Qd2 Qd6 31. b3 b6 32. Qb2+ Kf7 33. Qh8 b5 34.
c5 Qxd5 35. Qf6+ Ke8 36. Qxg6+ Kd8 37. Nf6 Rxe3+ 38. fxe3 Qh1+ 39. Kd2 Qh2+ 40.
Kd3 1-0

[Event "Prague Int Open 2026"]
[Site "Prague CZE"]
[Date "2026.03.04"]
[Round "7.12"]
[White "Kourousis, Epameinondas"]
[Black "Haring, Filip"]
[Result "0-1"]
[WhiteTitle "IM"]
[BlackTitle "GM"]
[WhiteElo "2327"]
[BlackElo "2461"]
[WhiteFideId "4211626"]
[BlackFideId "14933080"]
[EventDate "2026.02.26"]

1. Nf3 c5 2. c4 Nf6 3. g3 Nc6 4. Bg2 d5 5. cxd5 Nxd5 6. d4 cxd4 7. Nxd4 Ndb4 8.
Nxc6 Qxd1+ 9. Kxd1 Nxc6 10. Nc3 Bd7 11. e3 g6 12. Ke2 Bg7 13. Rd1 O-O-O 14. Bd2
Bg4+ 15. f3 Be6 16. Rac1 Bc4+ 17. Kf2 Ne5 18. Kg1 Nd3 19. Rc2 Nb4 20. Rcc1 Kb8
21. b3 Nxa2 22. Nxa2 Bxb3 23. Bc3 Rxd1+ 24. Rxd1 Bxc3 0-1

[Event "Prague Int Open 2026"]
[Site "Prague CZE"]
[Date "2026.03.04"]
[Round "7.13"]
[White "Jares, Michal"]
[Black "Gkoumas, Georgios"]
[Result "0-1"]
[WhiteTitle "FM"]
[BlackTitle "IM"]
[WhiteElo "2324"]
[BlackElo "2433"]
[WhiteFideId "386839"]
[BlackFideId "4208935"]
[EventDate "2026.02.26"]

1. Nf3 d5 2. g3 Nf6 3. Bg2 e6 4. O-O Bd6 5. d4 O-O 6. c4 Nc6 7. Nbd2 a5 8. Qc2
Nb4 9. Qb1 c5 10. dxc5 Bxc5 11. Nb3 Ba7 12. cxd5 exd5 13. Nbd4 Re8 14. Be3 Rxe3
15. fxe3 Ng4 16. a3 Nc6 17. Qd3 Qe7 18. Nc2 Bxe3+ 19. Nxe3 Nxe3 20. Rfe1 Bf5 21.
Qd2 Nc2 22. Qxd5 Be4 23. Qg5 f6 24. Qb5 Re8 25. Rac1 Nxe1 26. Rxe1 Kh8 27. Rf1
Rd8 28. Qb6 Bd5 29. Re1 Bg8 30. Kh1 Rd7 31. Bh3 Rd5 32. Bg2 Rd7 33. Bh3 Rd5 34.
Bg2 a4 35. Kg1 Rc5 36. Kh1 Bb3 37. Nd2 Bg8 38. Ne4 Rc4 39. Nc3 h5 40. Qb5 Bf7
41. Nd5 Qc5 42. Qxc5 Rxc5 43. Nc3 Bb3 44. Rf1 Na5 45. Rb1 b6 46. Kg1 Nc4 47. Ne4
Rc8 48. Kf2 f5 49. Nc3 Nxa3 50. bxa3 Rxc3 51. Bf3 g6 52. Ra1 Kg7 53. Ke1 Rc2 54.
Kf2 Kf6 55. Ke3 Ke5 56. Kd3 b5 57. h3 Rc4 58. h4 b4 59. axb4 Rxb4 60. Ke3 Rb6
61. Kd3 Ra6 62. Kc3 Bd5 63. Ra3 Bxf3 64. exf3 f4 65. g4 hxg4 66. fxg4 f3 67. Kd2
Kf4 68. h5 gxh5 69. gxh5 Kg3 70. h6 Rxh6 71. Rxa4 f2 72. Ra1 Kg2 0-1